States with the Most Pro Sports Success - Statistics

General Stats
  • This quiz has been taken 83 times
  • The average score is 10 of 12
Answer Stats
Score State % Correct
600 California
97%
820 New York
97%
245 Texas
96%
205 Florida
91%
485 Massachusetts
89%
225 Illinois
83%
380 Pennsylvania
83%
145 Ohio
76%
275 Michigan
72%
105 Minnesota
69%
305 Missouri
63%
100 Colorado
56%
No matching quizzes found
Score Distribution
Percent of People with Each Score
Percentile by Number Answered
Your Score History
You have not taken this quiz